Score 0/16 Timer 03:00
0 Plays Today
Person Missing Name % Correct
_________ CruzPenelope
84%
_____ CollinsPhil
83.2%
Prince ______Charles
80.6%
Macaulay ______Culkin
74.4%
_____ MacFarlaneSeth
73.5%
_______ MacBernie
65.9%
______ CushingPeter
56.6%
____ MacGrawAli
51.5%
Person Missing Name % Correct
_____ CezannePaul
51.3%
______ MacDonaldNorm
46%
_____ MacLachlanKyle
42.2%
Pierre _______Curie
35.7%
Pat ________Conroy
18.3%
Patricia ________Clarkson
12.8%
______ MacDonaldKelly
10.1%
_______ MacFaydenMatthew
10.1%

Today's Daily Dose

Remove Ads.
Support Sporcle.
Get the best of Sporcle when you Go Orange. This ad-free experience offers more features, more stats, and more fun while also helping to support Sporcle. Thank you for becoming a member.

You're not logged in!

Compare scores with friends on all Sporcle quizzes.
OR
Log In

Show Comments

Extras

Top Quizzes Today


Score Distribution

Your Account Isn't Verified!

In order to create a playlist on Sporcle, you need to verify the email address you used during registration. Go to your Sporcle Settings to finish the process.

Report this User

Report this user for behavior that violates our Community Guidelines.

Details: